000 00386nam a2200181Ia 4500
001 10206
005 20260306161815.0
008 260306t1968||||xx |||||||||||||| ||spa||
041 _aESP
082 _a909
_bP56
100 _aPijoan
_eAUT
245 0 _aHistoria del mundo
260 _c1968
300 _a
_c26 cm.
650 _aGEN
654 _aCHU
942 _cLIB
_dJUS
_fJUS
_2ddc
_n
999 _c10206
_d10206